LEADER 00946nam0-2200313---450 001 990003254390203316 005 20210402130335.0 010 $a0-333-24367-6 035 $a000325439 035 $aUSA01000325439 035 $a(ALEPH)000325439USA01 100 $a20090526d1980----km-y0ITAy01------ba 101 0 $aeng 102 $aGB 200 1 $aBalance-of-payments theory and the United Kingdon experience$fA. P. Thirlwall 210 $aLondon$cMacmillan$d1980 215 $aXIII, 323 p.$cill.$d23 cm 606 0 $aBilancia commerciale$2BNCF 676 $a382.17 700 1$aTHIRLWALL,$bAnthony Philip$0119240 801 0$aIT$bsalbc$gISBD 912 $a990003254390203316 951 $a382.17 THI 1 (IEP VI 131)$b5596 EC$cIEP VIII$d00230727 951 $a300 382.17 THI$b2461 DISES 959 $aBK 969 $aECO 969 $aDISES 996 $aBalance of payments theory and the United Kingdon experience$91119593 997 $aUNISA LEADER 02013nam 2200541 450 001 9910697726803321 005 20161006112622.0 035 $a(CKB)5470000002391707 035 $a(OCoLC)959975255 035 $a(EXLCZ)995470000002391707 100 $a20161006d2012 ua 0 101 0 $aeng 135 $aurcn||||||||| 181 $ctxt$2rdacontent 182 $cc$2rdamedia 183 $acr$2rdacarrier 200 00$aSisters together program guide$emove more, eat better : help your community take steps toward better health 205 $aUpdated December 2012. 210 1$a[Bethesda, Md.] :$cDepartment of Health and Human Services, National Institutes of Health, National Institute of Diabetes and Digestive and Kidney Diseases, Weight-control Information Network,$d2012. 215 $a1 online resource (44 pages) $ccolor illustrations 225 1 $aNIH publication ;$vno. 07-3329 300 $aTitle from title screen (viewed on October 6, 2016). 300 $a"May 1999." 517 $aSisters together program guide 606 $aWomen, Black$xNutrition$zUnited States$vHandbooks, manuals, etc 606 $aWomen, Black$xHealth and hygiene$zUnited States$vHandbooks, manuals, etc 606 $aFitness walking$zUnited States$vHandbooks, manuals, etc 606 $aBlack or African American 606 $aCommunity Networks 606 $aHealth Education 606 $aWomen's Health 607 $aUnited States 608 $aPopular Work. 608 $aHandbooks and manuals.$2lcgft 615 0$aWomen, Black$xNutrition 615 0$aWomen, Black$xHealth and hygiene 615 0$aFitness walking 615 2$aBlack or African American. 615 2$aCommunity Networks. 615 2$aHealth Education. 615 2$aWomen's Health. 712 02$aWeight-control Information Network (U.S.), 801 0$bGPO 801 1$bGPO 906 $aBOOK 912 $a9910697726803321 996 $aSisters together program guide$93445467 997 $aUNINA